India's foreign policy and relations (Record no. 115403)

MARC details
000 -LEADER
fixed length control field 00370nam a2200145Ia 4500
005 - DATE AND TIME OF LATEST TRANSACTION
control field 20240821155446.0
008 - FIXED-LENGTH DATA ELEMENTS--GENERAL INFORMATION
fixed length control field 240821s9999||||xx |||||||||||||| ||und||
082 ## - DEWEY DECIMAL CLASSIFICATION NUMBER
Classification number 327.54 APP
100 ## - MAIN ENTRY--PERSONAL NAME
Personal name Appadorai, A.
245 #0 - TITLE STATEMENT
Title India's foreign policy and relations
260 ## - PUBLICATION, DISTRIBUTION, ETC.
Place of publication, distribution, etc. New Delhi
Name of publisher, distributor, etc. South Asian
Date of publication, distribution, etc. 1985
300 ## - PHYSICAL DESCRIPTION
Extent x,709p
650 ## - SUBJECT ADDED ENTRY--TOPICAL TERM
Topical term or geographic name entry element Political science
942 ## - ADDED ENTRY ELEMENTS (KOHA)
Koha item type Book
Holdings
Withdrawn status Lost status Damaged status Not for loan Home library Current library Date acquired Total checkouts Barcode Date last seen Price effective from Koha item type
        Library and Documentation Division NCERT Library and Documentation Division NCERT 08/21/2024   102160 08/21/2024 08/21/2024 Book